Home Print Resources E-Books E-Journals IIMT Lecture Series Library Membership Form Book Recommendation Form Campus Tour Take AdmissionAbout Us Contact Us

PHYSICAL PHARMACEUTICS (Record no. 48682)

000 -LEADER
fixed length control field nam a22 7a 4500
003 - CONTROL NUMBER IDENTIFIER
control field OSt
005 - DATE AND TIME OF LATEST TRANSACTION
control field 20190830111729.0
008 - FIXED-LENGTH DATA ELEMENTS--GENERAL INFORMATION
fixed length control field 190830b xxu||||| |||| 00| 0 eng d
040 ## - CATALOGING SOURCE
Transcribing agency IIMT UNIVERSITY
100 ## - MAIN ENTRY--PERSONAL NAME
Personal name GANGADI
245 ## - TITLE STATEMENT
Title PHYSICAL PHARMACEUTICS
260 ## - PUBLICATION, DISTRIBUTION, ETC.
Place of publication, distribution, etc. GHAZIABAD
Name of publisher, distributor, etc. PEE VEE PUB
Date of publication, distribution, etc. 2019
300 ## - PHYSICAL DESCRIPTION
Extent 63
942 ## - ADDED ENTRY ELEMENTS (KOHA)
Source of classification or shelving scheme
Koha item type Text-Book- for 7 days
Holdings
Withdrawn status Lost status Source of classification or shelving scheme Damaged status Not for loan Home library Current library Date acquired Source of acquisition Cost, normal purchase price Inventory number Total Checkouts Barcode Date last seen Price effective from Koha item type
          IIMT SCHOOL OF PHARMACEUTICAL SCIENCES IIMT SCHOOL OF PHARMACEUTICAL SCIENCES 02/01/2019 BANSAL 105.00 2675/ 01/02/2019   27-B-75 08/30/2019 08/30/2019 Text-Book- for 7 days
IIMT, Central Library. All Rights Reserved IIMT,UNIVERSITY © 2023
Implemented and Customised by I CLOUDE EMS
You Are OPAC Visitor No
free web counter

Powered by Koha